00638nam a2200205Ia 4500003000400000005001700004008004100021020001800062040000700080041000800087082001600095100002800111245005600139260004300195300000900238650002200247942001300269999001900282952013100301OSt20250825145543.0250729s2005 xx 000 0 und d a9788186804933 cAL aeng a378.71 NAMV aNambiar Vijayan9222169 aVocational studies and productive work in education aNew DelhibNeelkamal Publicationc2005 a258p aEducation9222170 2ddccBED c235334d235334 00104070aALbALd2025-07-29eSita Book Houseg150.00l0o378.71 NAMVpBED00653r2025-07-29 16:53:55v150.00w2025-07-29yBK